00278 a2200109 450000100060000008200110000610000170001724500500003426000340008430000270011850000230014588088 aPR 327 aBilal, 35387 aNozzle design using method of characteristics aRisalpurbNUST Risalpurc2004 av, 45p.eKhalid Pervez aBE Project Reports